Trenerzy piłki nożnej na literę D - Statystyki

Ogólne statystyki
  • Ten quiz został rozwiązany 22 razy
  • Średni wynik to 3 z 9
Statystyki odpowiedzi
Prowadzone zespoły Odpowiedź % Poprawnych
AS Monaco 2001-2005 Olympique Marsylia 2009-2012 Francja 2012- Didier Deschamps
85%
Brighton 2022-2024 Olympique Marsylia 2024- Roberto De Zerbi
70%
Chorwacja 2017- Zlatko Dalic
55%
Brazylia 2006-2010 Dunga
35%
Liverpool 1985-1991 Blackburn Rovers 1991-1995 Kenny Dalglish
35%
Niemcy (RFN) 1978-1984 Jupp Derwall
15%
Olympique Lyon 1989-1993 Francja 2004-2010 Raymond Domenech
15%
FC Koln 1986-1990 2006-2009 VfB Stuttgart 1990-1993 Bayer Leverkusen 1996-2000 Fenerbahce 2003-2006 Christoph Daum
10%
Galatasaray 1987-1989 1990-1992 Turcja 1996-2000 Fenerbahce 2000-2001 Mustafa Denizli
5%
Nie znaleziono quizów pasujących do podanych kryteriów
Rozkład punktacji
Procent ludzi z każdym wynikiem
Percentyl według liczby udzielonych odpowiedzi
Twoja historia wyników
Nie rozwiązałeś tego quizu